000 01079cam a22003257a 4500
003 CHAP
005 20220329140429.0
008 971013s1978 r 00010 d
010 _a51853
011 _a52825
035 _a56975
040 _cCHAP
082 _a581.134
_bW3 1978
100 0 0 _aWareing, Philip Frank.
_9121066
245 1 4 _aThe control of growth and differentiation in plants
250 _a2 ed.
260 _aOxford :
_bPergamon,
_c1978
300 _a347 p.
_b: ilus. ; gráfs.
590 _aBATCH-UPD
_b10
_c20130110
_lUCH01
_h1640
590 _aBATCH-UPD
_b10
_c20130409
_lUCH01
_h1906
590 _aBATCH-UPD
_b10
_c20130914
_lUCH01
_h1202
590 _aCONVERSION
_b10
_c20130109
_lUCH01
_h1328
650 1 4 _aDiferenciación (Biología)
_932557
650 1 4 _aPlantas
_xCrecimiento
_xAditivos.
_988804
700 0 _aPhillips, Irwing David James.
_987821
901 _aBK
942 _cLIBRO
949 _a581.134 W3 1978
_bBC
_cLIBRO
_d33724000543682
_eLIBRO
_fc.2
_h52287
_i56975
_si
949 _a581.134 W3 1978
_bBC
_cLIBRO
_d33724000669677
_eLIBRO
_h52286
_i56975
_si
999 _c51853
_d51853